000 00516nam a2200193Ia 4500
005 20260429112139.0
008 260429s9999||||xx |||||||||||||| ||und||
020 _a9781032189161
041 _aEnglish
082 _a612.044
_bTUR
100 _aTurner, James E.
245 0 _aExercise immunology /
_cJames E. Turner
250 _a2nd ed.
260 _aLondon :
_bRoutledge,
_c2025.
300 _axviii, 373 p.; pbk
650 _aImmunology
700 _a Spielmann, Guillaume, Campbell, John P.
942 _cTB
999 _c52591
_d52591